| 000 | 00344 a2200145 4500 | ||
|---|---|---|---|
| 001 | 155457 | ||
| 040 | _cEscola São Tomás de Aquino | ||
| 100 | _aCHILD, Lauren | ||
| 240 | 1 | 0 |
_aEu não quero dormir agora _lpor |
| 245 | 1 | 0 | _aEu não quero dormir agora |
| 362 | 0 | _a2009 | |
| 440 | 1 | _aÁtica | |
| 697 | _a*LITERATURA INFANTIL | ||
| 942 | _cBK | ||
| 999 |
_c155457 _d155457 |
||